[Event "Gelsenkirchen Silvester op 6th"]
[Site "Gelsenkirchen"]
[Date "2018.12.28"]
[Round "3"]
[White "Vishanji, Franz"]
[Black "Tunkel, Stefan"]
[Result "0-1"]
[WhiteElo "1639"]
[BlackElo "1868"]
[PlyCount "38"]
[EventDate "2018.12.27"]
[EventType "swiss"]
[EventRounds "7"]
[EventCountry "GER"]
[SourceTitle "CBM 188 Extra"]
[Source "ChessBase"]
[SourceDate "2019.02.26"]
[SourceVersion "1"]
[SourceVersionDate "2019.02.26"]
[SourceQuality "1"]

1. e4 e6 2. d4 d5 3. Nc3 Bb4 4. e5 c5 5. Qg4 Ne7 6. Qxg7 Rg8 7. Qxh7 cxd4 8. a3 Qa5 9. axb4 Qxa1 10. Nce2 Nbc6 11. Nf3 Rg4 12. h4 Nxb4 13. Ng5 d3 14. Qxf7+ Kd8 15. Qf8+ Kd7 16. Qf7 Rxg5 17. hxg5 dxe2 18. Kd2 Qxc1+ 19. Kxe2 Qxc2+ 0-1

[Event "Gelsenkirchen Silvester op 5th"]
[Site "Gelsenkirchen"]
[Date "2017.12.27"]
[Round "2"]
[White "Vishanji, Franz"]
[Black "Turp, Hueseyin"]
[Result "1-0"]
[WhiteElo "1869"]
[BlackElo "1642"]
[PlyCount "91"]
[EventDate "2017.12.27"]
[EventType "swiss"]
[EventRounds "5"]
[EventCountry "GER"]
[SourceTitle "CBM 182 Extra"]
[Source "ChessBase"]
[SourceDate "2018.02.23"]
[SourceVersion "1"]
[SourceVersionDate "2018.02.23"]
[SourceQuality "1"]

1. e4 c6 2. d4 d5 3. Nc3 dxe4 4. Nxe4 Bf5 5. Ng3 Bg6 6. Nf3 Nd7 7. Bd3 Ngf6 8. 0-0 e6 9. Re1 Be7 10. c3 0-0 11. Bxg6 hxg6 12. Ng5 Bd6 13. Qe2 Re8 14. N3e4 Nxe4 15. Qxe4 Nf8 16. Qg4 e5 17. dxe5 Rxe5 18. Rd1 Qe7 19. Bf4 Rd5 20. Rxd5 cxd5 21. Be3 Re8 22. Rd1 f5 23. Qd4 f4 24. Qxd5+ Ne6 25. Nxe6 Qxe6 26. Qxd6 fxe3 27. Qxe6+ Rxe6 28. Rd8+ Kh7 29. fxe3 Rxe3 30. Kf2 Re6 31. Rd7 Rb6 32. b3 Ra6 33. a4 Rb6 34. b4 Rc6 35. Rxb7 Rxc3 36. Rxa7 Kh6 37. b5 Rb3 38. Rb7 Ra3 39. Ra7 Kg5 40. b6 Kg4 41. h3+ Kf4 42. Rf7+ Ke5 43. b7 Rb3 44. a5 Ke6 45. Rxg7 Kd6 46. a6 1-0

[Event "Gelsenkirchen Silvester op 4th"]
[Site "Gelsenkirchen"]
[Date "2016.12.29"]
[Round "5"]
[White "Raabe, Stefan"]
[Black "Vishanji, Franz"]
[Result "1-0"]
[WhiteElo "1922"]
[BlackElo "1624"]
[PlyCount "76"]
[EventDate "2016.12.27"]
[EventType "swiss"]
[EventRounds "5"]
[EventCountry "GER"]
[SourceTitle "EXT 2019"]
[Source "ChessBase"]
[SourceDate "2018.10.10"]
[SourceVersion "1"]
[SourceVersionDate "2018.10.10"]
[SourceQuality "1"]

1. e4 Nf6 2. e5 Nd5 3. c4 Nb6 4. d4 Nc6 5. Nc3 d6 6. exd6 cxd6 7. Be3 g6 8. Nf3 Bg7 9. h3 Bf5 10. a3 d5 11. c5 Nc8 12. b4 e5 13. Bb5 e4 14. Ne5 N8e7 15. Nxc6 bxc6 16. Be2 0-0 17. 0-0 Bd7 18. b5 f5 19. Qd2 Rf7 20. a4 Qf8 21. f4 exf3 22. Rxf3 Re8 23. bxc6 Bxc6 24. Nb5 Nc8 25. Bf4 Rxe2 26. Qxe2 Bxb5 27. Qxb5 Bxd4+ 28. Re3 Bxc5 29. Rae1 Nb6 30. Kh2 Bxe3 31. Rxe3 Rd7 32. a5 d4 33. axb6 dxe3 34. Qxd7 axb6 35. Bxe3 Qb8+ 36. Kg1 Qg3 37. Qe6+ Kg7 38. Qe7+ Kg8 1-0

[Event "Solingen Karneval op"]
[Site "Solingen"]
[Date "2014.02.28"]
[Round "1"]
[White "Vishanji, Franz"]
[Black "Flesch, Stefan"]
[Result "0-1"]
[WhiteElo "1616"]
[BlackElo "2106"]
[PlyCount "129"]
[EventDate "2014.02.28"]
[EventType "swiss"]
[EventRounds "5"]
[EventCountry "GER"]
[SourceTitle "EXT 2016"]
[Source "ChessBase"]
[SourceDate "2015.10.08"]
[SourceVersion "1"]
[SourceVersionDate "2015.10.08"]
[SourceQuality "1"]

1. e4 g6 2. d4 Bg7 3. g3 d6 4. Bg2 Nf6 5. Ne2 0-0 6. 0-0 e5 7. c3 Nc6 8. Na3 exd4 9. cxd4 Re8 10. Nc3 Bg4 11. Qa4 Nd7 12. d5 Nb6 13. Qc2 Nb4 14. Qb3 Na6 15. Be3 Qd7 16. Rfe1 Bh3 17. Bh1 h5 18. Ne2 Qa4 19. Qxa4 Nxa4 20. Bd4 N4c5 21. Bxg7 Kxg7 22. Nf4 Bd7 23. Nc2 Na4 24. Nd4 Nxb2 25. Reb1 Na4 26. Rxb7 N4c5 27. Rbb1 Nxe4 28. Re1 Nec5 29. Bf3 Rxe1+ 30. Rxe1 Re8 31. Rxe8 Bxe8 32. Nc6 Bxc6 33. dxc6 Nb4 34. Nd5 Nxd5 35. Bxd5 g5 36. Kg2 Ne6 37. Kf3 Kf6 38. Ke4 g4 39. a3 Kg5 40. Ba2 Nc5+ 41. Ke3 Kf6 42. Bb1 Ke5 43. Bc2 d5 44. f3 d4+ 45. Ke2 gxf3+ 46. Kxf3 d3 47. Bd1 Kd4 48. Kf4 Ne6+ 49. Kf5 Ke3 50. Kf6 Nd4 51. Ke7 Nxc6+ 52. Kd7 Ne5+ 53. Kxc7 Nf3 54. a4 Nxh2 55. Bxh5 d2 56. Bd1 Kd4 57. Kc6 Nf1 58. a5 Ne3 59. Bh5 d1Q 60. Bxd1 Nxd1 61. a6 Nc3 62. Kb7 Nb5 63. Kc6 Kc4 64. g4 f6 65. Kd7 0-1

[Event "Rheinland Pfalz op 4th"]
[Site "Altenkirchen"]
[Date "2012.06.08"]
[Round "3"]
[White "Vishanji, Franz"]
[Black "Giesler, Stephan"]
[Result "0-1"]
[WhiteElo "1607"]
[BlackElo "1943"]
[PlyCount "118"]
[EventDate "2012.06.07"]
[EventType "swiss"]
[EventRounds "7"]
[EventCountry "GER"]
[SourceTitle "CBM 148 Extra"]
[Source "ChessBase"]
[SourceDate "2012.06.22"]
[SourceVersion "1"]
[SourceVersionDate "2012.06.22"]
[SourceQuality "1"]

1. e4 c5 2. Nf3 e6 3. Nc3 Nc6 4. g3 e5 5. d3 d6 6. Bg2 Be7 7. 0-0 h5 8. Nd5 Nf6 9. Nxe7 Qxe7 10. Bg5 Bg4 11. c3 Qd7 12. Qd2 Nh7 13. Be3 0-0-0 14. d4 Qe7 15. d5 Nb8 16. Nh4 g5 17. Nf3 Rdg8 18. b4 b6 19. Rab1 f5 20. bxc5 f4 21. cxb6 fxe3 22. Qxe3 axb6 23. Rxb6 Bxf3 24. Rfb1 Nd7 25. Rc6+ Kd8 26. Bxf3 Qf6 27. c4 g4 28. Be2 Ng5 29. c5 Nh3+ 30. Kg2 Rf8 31. Rb8+ Nxb8 32. Rxd6+ Qxd6 33. cxd6 Rxf2+ 34. Kh1 Rxe2 35. Qxe2 Rf8 36. Qc4 Rf7 37. a4 Rb7 38. Qc2 Kd7 39. Kg2 Kxd6 40. Kf1 Ng5 41. Ke2 Rb4 42. Kd3 Nxe4 43. Qa2 Rxa4 44. Qb2 Nc5+ 45. Kc3 Nbd7 46. Qg2 Ra3+ 47. Kb2 Rb3+ 48. Kc2 Nf6 49. Qd2 Nce4 50. Qh6 Rc3+ 51. Kd1 Kxd5 52. Qh8 Rd3+ 53. Ke1 Kd4 54. Qd8+ Nd5 55. Qa5 Ke3 56. Qa7+ Rd4 57. Qa3+ Ndc3 58. Qc1+ Kf3 59. Qc2 Rd1+ 0-1

[Event "Rheinland Pfalz op 4th"]
[Site "Altenkirchen"]
[Date "2012.06.07"]
[Round "1"]
[White "Vishanji, Franz"]
[Black "Rosskothen, Arnd"]
[Result "0-1"]
[WhiteElo "1607"]
[BlackElo "2144"]
[PlyCount "122"]
[EventDate "2012.06.07"]
[EventType "swiss"]
[EventRounds "7"]
[EventCountry "GER"]
[SourceTitle "CBM 148 Extra"]
[Source "ChessBase"]
[SourceDate "2012.06.22"]
[SourceVersion "1"]
[SourceVersionDate "2012.06.22"]
[SourceQuality "1"]

1. e4 c5 2. Nf3 e6 3. Nc3 a6 4. a4 Nc6 5. d4 cxd4 6. Nxd4 Qc7 7. g3 Nf6 8. Bg2 Be7 9. 0-0 0-0 10. Be3 Ne5 11. Bf4 d6 12. Re1 Rb8 13. Qe2 Re8 14. Rad1 Bd7 15. f3 Nc4 16. Bc1 b5 17. Bf1 Rec8 18. b3 Ne5 19. Bb2 bxa4 20. Qxa6 axb3 21. cxb3 Qc5 22. Kg2 Ra8 23. Qe2 Qb4 24. f4 Nc6 25. Ndb5 Qxb3 26. e5 dxe5 27. fxe5 Nxe5 28. Nd4 Qb7+ 29. Kg1 Nc6 30. Bg2 Qb6 31. Ne4 Ra2 32. Rd2 Rxb2 33. Rxb2 Qxd4+ 34. Kh1 Nxe4 35. Bxe4 Bf6 36. Reb1 g6 37. Rd2 Qa7 38. Ra2 Qc5 39. Rc2 Qe5 40. Rbc1 Ne7 41. Qd3 Rxc2 42. Rxc2 Bb5 43. Qe3 Bg5 44. Qf3 Kg7 45. h4 Bf6 46. Rf2 Nf5 47. Kh2 Bxh4 48. Bxf5 exf5 49. Qf4 Qxf4 50. Rxf4 Bf6 51. Rb4 Bc6 52. Rb6 Be4 53. Kh3 h5 54. Rb4 g5 55. Rc4 g4+ 56. Kh2 Be5 57. Rc5 f6 58. Kg1 Bxg3 59. Rc3 h4 60. Re3 Be5 61. Re2 h3 0-1

[Event "Crema op 10th"]
[Site "Crema"]
[Date "2008.09.06"]
[Round "4"]
[White "Bertoletti, Vincenzo"]
[Black "Vishanji, Franz"]
[Result "1-0"]
[WhiteElo "1466"]
[BlackElo "1422"]
[PlyCount "65"]
[EventDate "2008.09.05"]
[EventType "swiss"]
[EventRounds "6"]
[EventCountry "ITA"]
[SourceTitle "EXT 2011"]
[Source "ChessBase"]
[SourceDate "2010.11.26"]
[SourceVersion "1"]
[SourceVersionDate "2010.11.26"]
[SourceQuality "1"]

1. d4 d5 2. c4 e6 3. Nf3 Nf6 4. Bg5 h6 5. Bh4 g5 6. Bg3 dxc4 7. Qa4+ Nc6 8. Nc3 Bb4 9. e3 Bxc3+ 10. bxc3 a6 11. Qxc4 Bd7 12. Bd3 Nh5 13. 0-0 Nxg3 14. hxg3 Qf6 15. Rfb1 Ra7 16. e4 Qg7 17. d5 exd5 18. exd5 Ne5 19. Nxe5 Bb5 20. Qxc7 Bxd3 21. Nxd3 0-0 22. Qe5 f6 23. Qd4 b5 24. c4 bxc4 25. Qxc4 f5 26. Re1 Rd7 27. Re5 Rff7 28. Rae1 Qg6 29. Qc8+ Kg7 30. Re8 g4 31. Rg8+ Kf6 32. Rxg6+ Kxg6 33. Ne5+ 1-0

[Event "Crema op 09th"]
[Site "Crema"]
[Date "2007.09.08"]
[Round "4"]
[White "Santandrea, Marco"]
[Black "Vishanji, Franz"]
[Result "1-0"]
[WhiteElo "1837"]
[BlackElo "1428"]
[PlyCount "41"]
[EventDate "2007.09.07"]
[EventType "swiss"]
[EventRounds "6"]
[EventCountry "ITA"]
[SourceTitle "EXT 2009"]
[Source "ChessBase"]
[SourceDate "2008.11.26"]
[SourceVersion "1"]
[SourceVersionDate "2008.11.26"]
[SourceQuality "1"]

1. e4 e5 2. f4 d6 3. Nf3 exf4 4. Bc4 Bg4 5. d4 Qe7 6. 0-0 Nd7 7. Bxf4 Ngf6 8. Nc3 Be6 9. Qe2 Nb6 10. Bxe6 Qxe6 11. Rfe1 Be7 12. Ng5 Qg4 13. Qxg4 Nxg4 14. h3 Bxg5 15. Bxg5 h6 16. Bh4 g5 17. Bg3 Nf6 18. e5 Nh5 19. exd6+ Kd7 20. Re7+ Kc6 21. Rxc7# 1-0

[Event "Crema op 09th"]
[Site "Crema"]
[Date "2007.09.07"]
[Round "2"]
[White "Tagliaferri, Valerio"]
[Black "Vishanji, Franz"]
[Result "1-0"]
[WhiteElo "1440"]
[BlackElo "1428"]
[PlyCount "39"]
[EventDate "2007.09.07"]
[EventType "swiss"]
[EventRounds "6"]
[EventCountry "ITA"]
[SourceTitle "EXT 2009"]
[Source "ChessBase"]
[SourceDate "2008.11.26"]
[SourceVersion "1"]
[SourceVersionDate "2008.11.26"]
[SourceQuality "1"]

1. d4 d5 2. Nf3 Nc6 3. Nbd2 Bf5 4. e3 a6 5. a3 f6 6. Nh4 Qd7 7. Nxf5 Qxf5 8. Bd3 Qg5 9. 0-0 e5 10. c4 dxc4 11. Bxc4 exd4 12. exd4 h5 13. d5 Ne5 14. f4 Bc5+ 15. Kh1 Qh6 16. fxe5 g5 17. Ne4 Qg6 18. Qa4+ b5 19. Bxb5+ axb5 20. Qxa8+ 1-0